1083 1447 1442 1428 1151 1656 1687 1874 1666 1780 1806 1286 1393 1024 1354 1798 1032 1329 1326 1843 1493 1214 1826 1739 1861 1793 1777 1637 1062 1671 1589 1854 1714 1095 1942 1517 1437 1614 1820 1753 1871 1347 1625 1818 1645 1102 1958 1855 1139 1711 1889 1515 1959 1587 1480 1458 1886 1998 1789 1196 1303 1669 1255 1932 1474 1476 1869 1688 1118 1605 1614 1950 1869 1009 1762 1092 1505 1326 1284 1155 1899 1119 1622 1595 1081 1340 1263 1195 1237 1790 1410 1064 1643 1675 1648 1685 1462 1314 1612 BCNSPRNW ULIB Ver.6.0+V

เปลี่ยนเป็นภาษาไทย

Change to English
 แสดงรายละเอียดบรรณานุกรม
  กลับหน้าหลัก

Brief Record : Get Marc (ISO 2709) : E-mail record : QR code < ปิดหน้าต่าง
LEADER : 00000nam 2200000 a 4500
001    13399114488
003     ULIB
008    090903s2009 us a b 001 0 eng d
020    ^a9781416047407
060 04 ^aQV748^bK26c
100 1  ^aKee, Joyce LeFever
245 10 ^aClinical calculations :^bwith applications to general and
250    ^a6th ed.
260    ^aSt. Louis :^bSaunders Elsevier,^cc2009
300    ^axxvii, 414 p. :^bill. (some col.) ;^c26 cm. +^e1 computer
500    ^aSend to Single Search
504    ^aIncludes bibliographical references and index
650  2 ^aPharmaceutical Preparations^xadministration & dosage
650  2 ^aMathematics^vNurses is Instruction
700 1  ^aMarshall, Sally M.
945    ^p0^l0^i031610
995    ^a Kesorn
999 ^a ใช้งานได้ทุกระบบ
รายการนี้ยังไม่มีแท็ก
คุณยังไม่ได้ล็อกอิน คุณสามารถมีกิจกรรมร่วมกับเว็บไซต์ได้ แต่ต้องล็อกอินก่อน ::
  ล็อกอิน

รายการสื่อสารสนเทศ

ลำดับที่ ประเภท เลขเรียก/บาร์โค้ด สถานที่ สถานะ
- ไม่พบข้อมูล -

รายการใกล้เคียง
    หัวเรื่อง [Pharmaceutical Preparations administration & dosage]

BibComment


ยังไม่เคยถูกคอมเมนท์

คอมเมนท์ทรัพยากรรายการนี้
  คอมเมนท์: Clinical calcula..


 Copyright 2026. Bcnsprnw @Library